| 000 | 00637nam a2200241Ia 4500 | ||
|---|---|---|---|
| 003 | OSt | ||
| 005 | 20250626105040.0 | ||
| 008 | 210423s2006 xx 000 0 und d | ||
| 020 | _a8182090989 | ||
| 040 | _cAL | ||
| 041 | _aEnglish | ||
| 082 |
_a070.1 _223 _bARAU |
||
| 100 |
_aArul I Aram _977258 |
||
| 245 | _aUnderstanding news media | ||
| 260 |
_aNew Delhi _bVijay Nichole Imprints Pvt Ltd _c2006 |
||
| 300 |
_axiv,128p. _bPB _c 21.4x14cm. |
||
| 365 |
_b180 _cINR |
||
| 650 |
_aGeneral _977259 |
||
| 650 |
_aMass Media _977260 |
||
| 700 |
_aNirmaldasan _9216187 |
||
| 906 | _amedia. ; news ; Understanding | ||
| 942 |
_2ddc _cBK |
||
| 999 |
_c155765 _d155765 |
||